Grupy turnieju siatkarskiego mężczyzn IO w Paryżu - Statystyki

Ogólne statystyki
  • Ten quiz został rozwiązany 29 razy
  • Średni wynik to 11 z 12
Statystyki odpowiedzi
% Poprawnych
Francja
100%
Polska
100%
Brazylia
95%
Słowenia
95%
Stany Zjednoczone
95%
Włochy
95%
Argentyna
91%
Egipt
91%
Japonia
91%
Kanada
86%
Niemcy
82%
Serbia
68%
Nie znaleziono quizów pasujących do podanych kryteriów
Rozkład punktacji
Procent ludzi z każdym wynikiem
Percentyl według liczby udzielonych odpowiedzi
Twoja historia wyników
Nie rozwiązałeś tego quizu